000 00328nam a2200145Ia 4500
008 150201s2010 xx 000 0 und d
082 _a610.7368
_bP10N
100 _aNAMBI, S.
245 _aPSYCHIATRY FOR NURSES
250 _a1ST
260 _bJAYPEE
_aDELHI
_c2010
300 _a278
650 _aPSYCHIATRY
942 _2ddc
_cBK
999 _c2148
_d2148